LEADER 01105nam a2200253 u 4500 001 000000108201 003 CaOOAMICUS 005 20071114133154.0 008 071114s1994 sp a u000 u spa u 020 $a84-86156-34-3 040 $aPUL$bita$dLDB 100 1 $aPérez Carrió, Ramón.$0(OLS)http://pul/name/66366 245 13$aLa llama sobre el agua :$bMaría Zambarno /$cRamón Pérez Carrió ; edicíon de M.a Fernanda Santiago Bolaños. 260 $aAltea (Alicante) :$bAitana,$c1994. 300 $a70 p. :$bill. ;$c22 cm. 504 $aInclude riferimenti bibliografici. 600 14$aZambrano, María,$d1904-1991.$0(OLS)http://pul/subject/21150 850 $aPUL 852 $aPUL$W1$xDP2 Filosofia 3$y112$m196 ZAMMA 10$j176822$qDDC 21$B122132$CPULBib$Z2$F122132 $H86925 $82 941 1 $a9 961 $aprecedente collocazione: Fil 228 996 $6020$a84-86156-34-3$9(OLS)http://pul/number/136212 996 $6245$aLa llama sobre el agua :$bMaría Zambarno$9(OLS)http://pul/title/136182 996 $6260$aAltea (Alicante) :$bAitana$9(OLS)http://pul/publisher/79502 LEADER 00988nam a2200229 u 4500 001 000000120033 003 CaOOAMICUS 005 20100216141019.0 008 100216t2009 it u000 u ita u 020 $a978-88-348-9677-8 040 $aPUL$bita$dReb 245 00$aDiritto urbanistico e delle opere pubbliche /$ca cura di Daria de Pretis. 260 $aTorino :$bG. Giappichelli,$c©2009. 300 $axiv, 181 p. ;$c24 cm 504 $aInclude riferimenti bibliografici ed indice. 650 4$aUrbanistica$zItalia$xLegislazione.$0(OLS)http://pul/subject/33873 850 $aPUL 852 $aPUL$W1$xSL Diritto e Scienze Sociali 3$y79$m346. 045 DEPDA 1$j137665$qDDC 21$B136789$CPULBib$Z2$F136789 $H112645 $82 941 1 $a9 996 $6020$a978-88-348-9677-8$9(OLS)http://pul/number/143296 996 $6245$aDiritto urbanistico e delle opere pubbliche$9(OLS)http://pul/title/150998 996 $6260$aTorino :$bG. Giappichelli$9(OLS)http://pul/publisher/49130